Zdravotnické předpisy Kompletní soubor zdravotnických a hygienických předpisů platných k 1.10.1991

Gespeichert in:
Bibliographische Detailangaben
Format: Buch
Sprache:Tschechisch
Veröffentlicht: Ostrava AKS 1991
Ausgabe:1. vyd.
Schlagworte:
Tags: Tag hinzufügen
Keine Tags, Fügen Sie das erste Tag hinzu!

MARC

LEADER 00000nam a2200000 4500
001 c002307
005 20221214095427.7
041 0 |a cze 
044 |a CZ 
245 1 0 |a Zdravotnické předpisy  |b Kompletní soubor zdravotnických a hygienických předpisů platných k 1.10.1991 
250 |a 1. vyd. 
264 1 |a Ostrava  |b AKS  |c 1991 
300 |a 201 s. 
610 2 0 |a zdravotníctvo 
610 2 0 |a predpisy pracovnoprávne 
610 2 0 |a podmienky životné 
610 2 0 |a úrazy pracovné 
610 2 0 |a choroby z povolania 
610 2 0 |a odškodnenie 
610 2 0 |a pracovisko rizikové 
610 2 0 |a prostredie pracovné 
610 2 0 |a zotavenie